Szczegóły MARC21

Zarządzanie czasem : [jak w krótkim czasie osiągnąć więcej, lepiej zarabiać i bardziej cieszyć się życiem] /

003 -Nazwa inst., której nr kontr. jest w polu 001 [,]
    • @
    • Nazwa instytucji, której n kontrolny jest w polu 001
    • NUKAT
005 -DATA I CZAS OSTATNIEJ MODYFIKACJI [,]
    • @
    • pole kontrolne
    • 20241231110527.0
020 -Międzynarod. znormalizowany nr książki - ISBN [ , ]
    • a
    • Numer ISBN
    • 9788377583739 Find
040 -Instytucja sporządzająca opis [ , ]
    • a
    • Instytucja, która sporządziła opis (NP)
    • GDY 17/IK
    • c
    • Instytucja, która sporządziła rekord (NP)
    • GDY 17/IK
041 -Język dokumentu [1, ]
    • a
    • Język tekstu (P)
    • polski
    • h
    • Język tekstu oryginalnego i/lub pośredniego (P)
    • angielski
942 -Rodzaj dokumentu [ , ]
    • c
    • Rodzaj dokumentu
    • Książka
100 -Hasło główne - nazwa osobowa [1, ]
    • a
    • Nazwa osobowa (NP)
    • Tracy, Brian
    • d
    • Daty biograficzne (NP)
    • (1944- ).
    • 9
    • KHW
    • 64926
240 -Tytuł ujednolicony [1,0]
    • a
    • Tytuł ujednolicony
    • Time power
    • l
    • Język tekstu
    • (pol.)
    • 9
    • KHW
    • 65195
245 -Strefa tytułu i oznaczenia odpowiedzialności [1,0]
    • a
    • Tytuł
    • Zarządzanie czasem : Find
    • b
    • Ciąg dalszy tytułu (NP)
    • [jak w krótkim czasie osiągnąć więcej, lepiej zarabiać i bardziej cieszyć się życiem] / Find
    • c
    • Pozostałe elementy strefy tytułu i oznaczenia odpowiedzialności (NP)
    • Brian Tracy ; [tł. Grzegorz Siwek].
250 -Strefa wydania [ , ]
    • a
    • Oznaczenie wydania (NP)
    • Wyd. 4.
260 -Strefa adresu wydawniczego [ , ]
    • a
    • Miejsce wydania (P)
    • Warszawa :
    • b
    • Nazwa wydawcy (P)
    • Muza,
    • c
    • Data wydania (P)
    • 2013.
300 -Strefa opisu fizycznego [ , ]
    • a
    • Określenie formy książki i/lub objętość (NP)
    • 237 s. ;
    • c
    • Format (NP)
    • 24 cm.
336 -Typ zawartości [ , ]
    • a
    • Termin opisujący typ zawartości
    • Tekst
    • b
    • Kod określający zawartość
    • txt
    • 2
    • Źródło (terminu i kodu)
    • rdacontent
337 -Typ mediów [ , ]
    • a
    • Tryb odtwarzania
    • Bez urządzenia pośredniczącego
    • b
    • Kod typu mediów
    • n
    • 2
    • Źródło (terminu i kodu)
    • rdamedia
338 -Typ/rodzaj nośnika [ , ]
    • a
    • Hasło opisujące typ nośnika
    • Wolumin
    • b
    • Kod typu nośnika
    • nc
    • 2
    • Źródło (terminu i kodu)
    • rdacarrier
080 -Uniwersalna Klasyfikacja Dziesiętna [ , ]
    • 2
    • Identyfikator wydania tablic
    • UDC-P058
    • 9
    • UKD
    • 3020
    • a
    • Symbol klasyfikacji
    • 331.103
    • b
    • Dopowiedzenie
    • Organizacja pracy. Kształtowanie stanowiska pracy. Specjalizacja. Proces pracy. (Praca zespołowa. Praca ręczna, zmechanizowana, w systemie taśmowym. Rytm i tempo pracy).
    • 4
    • UKD2
    • 8168
    • x
    • Poddział wspólny
    • (083.1)
    • c
    • Dopowiedzenie poddz. wspólnego
    • (Przepisy. Instrukcje. Poradniki praktyczne).
080 -Uniwersalna Klasyfikacja Dziesiętna [ , ]
    • 2
    • Identyfikator wydania tablic
    • UDC-P058
    • 9
    • UKD
    • 2182
    • a
    • Symbol klasyfikacji
    • 005.5
    • b
    • Dopowiedzenie
    • Zarządzanie. Działania zarządcze.
    • 4
    • UKD2
    • 8168
    • x
    • Poddział wspólny
    • (083.1)
    • c
    • Dopowiedzenie poddz. wspólnego
    • (Przepisy. Instrukcje. Poradniki praktyczne).
650 -Hasło przedmiotowe [ ,7]
    • a
    • Hasło przedmiotowe
    • Budżet czasu
    • v
    • Określnik formalny
    • poradniki.
    • 2
    • Źródło terminu
    • kaba
    • 9
    • KHW
    • 381004
650 -Hasło przedmiotowe [ ,7]
    • a
    • Hasło przedmiotowe
    • Zagospodarowanie czasu pracy
    • v
    • Określnik formalny
    • poradniki.
    • 2
    • Źródło terminu
    • kaba
    • 9
    • KHW
    • 381005
980 -Symbol UKD [ , ]
    • a
    • UKD
    • 331.103:005.5](083.1)
700 -Hasło dodatkowe - nazwa osobowa [1, ]
    • a
    • Nazwa osobowa (NP)
    • Siwek, Grzegorz. Find
    • e
    • Określenie rodzaju współpracy
    • Tł.
    • 9
    • KHW
    • 43371
710 -Hasło dodatkowe - nazwa ciała zbiorowego [2, ]
    • a
    • Nazwa ciała zbiorowego lub nazwa geograficzna jako pierwszy element (NP)
    • Muza SA.
    • 4
    • Kod relacji
    • pbl
    • 9
    • KHW
    • 53316
920 -ISBN [ , ]
    • a
    • ISBN
    • 978-83-7758-373-9 Find
Lokalizacja Data inwentaryzacji Status udost. Numer inwentarzowy Sygnatura
BE2014-09-01-2E.75337 
T2013-11-04-2T.13258 
T2014-02-24-2TM.10584TM.10584